000
00254nam a22001217a 4500
008
180823b xxu||||| |||| 00| 0 eng d
041
_a
eng
080
_a
316
100
_a
51
101
_a
SOC
245
_a
SOCIOLOGY YOU
_c
SHEPARD,J,M
942
_2
udc
_c
BK
999
_c
47265
_d
47265